Welcome to the Holygrace Academy Library

Please use search bar below to get started

SASTHRALOKATHILE PUPUTHAN KANDETHALUKAL (Record no. 5592)

MARC details
000 -LEADER
fixed length control field 00331nam a22001457a 4500
020 ## - INTERNATIONAL STANDARD BOOK NUMBER
ISBN 81-264-0224-5
082 ## - DEWEY DECIMAL CLASSIFICATION NUMBER
Classification number 894.812
Item number SIV/S
100 ## - MAIN ENTRY--AUTHOR NAME
Personal name SIVADAS, S
245 ## - TITLE STATEMENT
Title SASTHRALOKATHILE PUPUTHAN KANDETHALUKAL
260 ## - PUBLICATION, DISTRIBUTION, ETC. (IMPRINT)
Place of publication KOTTAYAM
Name of publisher DC BOOKS
Year of publication 2000
300 ## - PHYSICAL DESCRIPTION
Number of Pages 104
520 ## - SUMMARY, ETC.
Summary, etc INVENTIONS
650 ## - SUBJECT ADDED ENTRY--TOPICAL TERM
Topical Term INVENTIONS
942 ## - ADDED ENTRY ELEMENTS (KOHA)
Koha item type Books
Holdings
Withdrawn status Lost status Collection code Home library Current library Shelving location Date acquired Source of acquisition Cost, normal purchase price Full call number Accession Number Koha item type
    Fiction Main Library Main Library SHELF-16L- MALAYALAM BIOGRAPHY,STUDIES/CRITICISM 18/05/2010 Purchase 43.00 894.812 SIV/S 02742 Books